000 00322 a2200145 4500
001 168774
020 _a
040 _cMagnum
100 _aVilarrubias, Pia
240 1 0 _a? A que juegan nico y max ?
_lESP
245 1 0 _a? A que juegan nico y max ?
362 0 _a1899
697 _aLITERATURA ESTRANGEIRA
942 _cBK
999 _c168774
_d168774